The Palgrave Handbook of Global Health Data Methods for Policy and Practice

This handbook compiles methods for gathering, organizing and disseminating data to inform policy and manage health systems worldwide. Contributing authors describe national and international structures for generating data and explain the relevance of ethics, policy, epidemiology, health economics, d...

Πλήρης περιγραφή

Λεπτομέρειες βιβλιογραφικής εγγραφής
Συγγραφή απο Οργανισμό/Αρχή: SpringerLink (Online service)
Άλλοι συγγραφείς: Macfarlane, Sarah B. (Επιμελητής έκδοσης, http://id.loc.gov/vocabulary/relators/edt), AbouZahr, Carla (Επιμελητής έκδοσης, http://id.loc.gov/vocabulary/relators/edt)
Μορφή: Ηλεκτρονική πηγή Ηλ. βιβλίο
Γλώσσα:English
Έκδοση: London : Palgrave Macmillan UK : Imprint: Palgrave Macmillan, 2019.
Έκδοση:1st ed. 2019.
Θέματα:
Διαθέσιμο Online:Full Text via HEAL-Link
LEADER 04320nam a2200469 4500
001 978-1-137-54984-6
003 DE-He213
005 20190617192348.0
007 cr nn 008mamaa
008 190305s2019 xxk| s |||| 0|eng d
020 |a 9781137549846  |9 978-1-137-54984-6 
024 7 |a 10.1057/978-1-137-54984-6  |2 doi 
040 |d GrThAP 
050 4 |a R1 
072 7 |a MB  |2 bicssc 
072 7 |a MED000000  |2 bisacsh 
072 7 |a MB  |2 thema 
082 0 4 |a 610  |2 23 
245 1 4 |a The Palgrave Handbook of Global Health Data Methods for Policy and Practice  |h [electronic resource] /  |c edited by Sarah B. Macfarlane, Carla AbouZahr. 
250 |a 1st ed. 2019. 
264 1 |a London :  |b Palgrave Macmillan UK :  |b Imprint: Palgrave Macmillan,  |c 2019. 
300 |a XLIV, 532 p. 41 illus., 39 illus. in color.  |b online resource. 
336 |a text  |b txt  |2 rdacontent 
337 |a computer  |b c  |2 rdamedia 
338 |a online resource  |b cr  |2 rdacarrier 
347 |a text file  |b PDF  |2 rda 
505 0 |a Preface -- Foreword -- Part I Global Health Data for Policy and Practice -- 1 National Health Systems for Generating and Managing Data for Health -- 2 Indicators for Monitoring Health Targets -- 3 Challenges in Shaping Health Policy with Data -- 4 Challenges in Shaping Health Programmes with Data -- 5 Measure, Inform, Build: Enabling Data-Driven Government Policymaking -- Part II Major Sources of Global Health Data -- 6 The Population Census: Counting People because They Count -- 7 Civil Registration and Vital Statistics: A Unique Source of Data for Policy -- 8 National Household Surveys: Collecting Data Where People Live -- 9 Health Management Information Systems: Backbone of the Health System -- 10 Public Health Surveillance: A Vital Alert and Response Function -- Part III Specialised Systems for Global Health Data -- 11 Tracking Health Resources Using National Health Accounts -- 12 Data to Monitor and Manage the Health Workforce -- 13 Mortality Data in Service of Conflict-Affected Populations -- 14 Climate Matters in Health Decision-Making -- 15 Advancing Health Policy Using a Geographic Approach -- Part IV Methods for Collecting and Analyzing Global Health Data -- 16 Seeking Insight: Using Qualitative Data for Policymaking -- 17 Describing Dynamic Populations: Demographic Data Methods -- 18 Epidemiology for Policy and Programme Management -- 19 Health Economics: Tools to Measure and Maximize Programme Impact -- 20 Tracking Health Outcomes in Space and Time: Spatial and Spatio-Temporal Methods -- 21 Global Health Estimates: Modelling and Predicting Health Outcomes -- Part V Principles and Policies for Managing Global Health Data -- 22 A Matter of Trust: Data Quality and Information Integrity -- 23 Opening Data for Global Health -- 24 Principles and Ethics of Collecting and Managing Health Data -- 25 Global Health Data: An Unfinished Agenda -- Index. 
520 |a This handbook compiles methods for gathering, organizing and disseminating data to inform policy and manage health systems worldwide. Contributing authors describe national and international structures for generating data and explain the relevance of ethics, policy, epidemiology, health economics, demography, statistics, geography and qualitative methods to describing population health. The reader, whether a student of global health, public health practitioner, programme manager, data analyst or policymaker, will appreciate the methods, context and importance of collecting and using global health data. 
650 0 |a Medicine. 
650 0 |a Medical policy. 
650 1 4 |a Medicine/Public Health, general.  |0 http://scigraph.springernature.com/things/product-market-codes/H00007 
650 2 4 |a Health Policy.  |0 http://scigraph.springernature.com/things/product-market-codes/H27040 
700 1 |a Macfarlane, Sarah B.  |e editor.  |4 edt  |4 http://id.loc.gov/vocabulary/relators/edt 
700 1 |a AbouZahr, Carla.  |e editor.  |4 edt  |4 http://id.loc.gov/vocabulary/relators/edt 
710 2 |a SpringerLink (Online service) 
773 0 |t Springer eBooks 
776 0 8 |i Printed edition:  |z 9781137549839 
776 0 8 |i Printed edition:  |z 9781349715312 
776 0 8 |i Printed edition:  |z 9781349715305 
856 4 0 |u https://doi.org/10.1057/978-1-137-54984-6  |z Full Text via HEAL-Link 
912 |a ZDB-2-SME 
950 |a Medicine (Springer-11650)